| 000 | 01026nam a22003377a 4500 | ||
|---|---|---|---|
| 001 | BR2020000185 | ||
| 003 | BR-BrBNA | ||
| 005 | 20230928105507.0 | ||
| 007 | ta | ||
| 008 | 230509b bl.||||| |||| 00| 0 por d | ||
| 020 | _a978-85-7817-174-2 | ||
| 040 |
_aBR-BrBNA _bpor _cBiblioteca Nacional de Agricultura |
||
| 041 | _a(Por) | ||
| 072 | _aP01 | ||
| 090 | _ P01 BR2020000185 | ||
| 100 | 1 | _aHenkes, J.A. | |
| 100 | 1 | _aCubas, A.L.V. | |
| 110 | 1 | _aUniversidade do Sul de Santa Catarina, Palhoça, RS (Brasil). Campus UnisulVirtual | |
| 245 | 1 |
_aConservação e recuperação ambiental: livro didático _bDisciplina na modalidade a distância |
|
| 260 | 3 |
_aPalhoça, SC (Brasil): _c2011. |
|
| 300 | _a220 p. | ||
| 500 | _aBibliography p. 195-202 (104 ref.); 60 illus | ||
| 650 | _aMEIO AMBIENTE | ||
| 650 | _aCONSERVAÇÃO | ||
| 650 | _aRECURSO NATURAL | ||
| 650 | _aCONTAMINAÇÃO | ||
| 650 | _aCONTAMINANTE | ||
| 650 | _aDEGRADAÇÃO AMBIENTAL | ||
| 909 |
_a202309 _bLucia _c55 _dLucia Elande |
||
| 942 | _cBK | ||
| 999 |
_c85377 _d85377 |
||